| 000 | 00523nam a22001697a 4500 | ||
|---|---|---|---|
| 003 | NUST - PNEC | ||
| 005 | 20170116181112.0 | ||
| 008 | 151004b xxu||||| |||| 00| 0 eng d | ||
| 020 | _a0195773403 | ||
| 040 | _cLIBRARY | ||
| 082 | _a954.035 HOD | ||
| 100 |
_913010 _a Hodson, H. V. |
||
| 245 |
_aThe great divide : Britain-India-Pakistan : with an epilogue written in 1985 which sums up the events since partition _c H. V. Hodson |
||
| 260 | _cc.1985 | ||
| 650 |
_913011 _aPakistan movement _xHistory |
||
| 942 |
_2ddc _cBK |
||
| 999 |
_c69183 _d69183 |
||